Philippine People in The Money Quiz - Statistics

General Stats
  • This quiz has been taken 9 times
  • The average score is 6 of 10
Answer Stats
Coin People % Correct
P1 Jose Rizal
88%
P20 Manuel Quezon
88%
P20 Manuel Quezon
88%
P500 Corazon Aquino and Benigno Aquino Jr.
75%
P5 Emilio Aguinaldo
75%
P10 Apolinario Mabini
50%
P100 Manuel Roxas
50%
P200 Diosdado Macapagal
38%
P50 Sergio Osmena
38%
P1,000 José Abad Santos, Josefa Llanes Escoda and Vicente Lim
25%
No matching quizzes found
Score Distribution
Percent of People with Each Score
Percentile by Number Answered
Your Score History
You have not taken this quiz